Lesiones accidentales en adultos mayores: un reto para los sistemas de salud /
El objetivo general de este artículo identificar los factores sociodemográficos, de salud y apoyo social relacionados con las lesiones accidentales en adultos mayores residentes de colonias urbanas marginales de las ciudades de Cuernavaca, Chilpalcingo, Guadalajara y Culiacán
Guardat en:
| Autor principal: | |
|---|---|
| Altres autors: | |
| Format: | Text |
| Matèries: | |
| Etiquetes: |
Afegir etiqueta
Sense etiquetes, Sigues el primer a etiquetar aquest registre!
|
MARC
| LEADER | 00000 a a2200000 04500 | ||
|---|---|---|---|
| 001 | 17309 | ||
| 003 | |||
| 040 | |||
| 100 | |a Ruelas González, María Guadalupe | ||
| 245 | |a Lesiones accidentales en adultos mayores: |b un reto para los sistemas de salud / |b María Guadalupe Ruelas González | ||
| 520 | |a El objetivo general de este artículo identificar los factores sociodemográficos, de salud y apoyo social relacionados con las lesiones accidentales en adultos mayores residentes de colonias urbanas marginales de las ciudades de Cuernavaca, Chilpalcingo, Guadalajara y Culiacán | ||
| 650 | |a ANCIANOS | ||
| 650 | |a ACCIDENTES | ||
| 650 | |a MARGINALIDAD | ||
| 650 | |a SALUD | ||
| 650 | |a MEXICO | ||
| 650 | |a ESTADISTICAS DE SALUD | ||
| 700 | |a Salgado de Snyder, Nelly | ||
| 773 | |g volumen 50, número 6; páginas 463-471 | ||
| 999 | |c 26544 |d 26544 | ||
